| 000 | 00513ntaaa2200193 4500 | ||
|---|---|---|---|
| 003 | 01 | ||
| 005 | 20251027202529.0 | ||
| 008 | 0714s1973 ag 01 | ||
| 040 |
_aAR-BaBN _bspa _cAR-BaBN _eaacr _dRIC |
||
| 082 | _a286.1320 G14 | ||
| 100 |
_aGambrell, James Burton _924276 |
||
| 245 | _aTen years in Texas | ||
| 250 | _a1 ed. | ||
| 260 |
_aDallas : _bThe Baptist Standard, _c1909 |
||
| 300 | _a313 | ||
| 500 | _aEscritos del autor publicado en "The Baptist Standard" | ||
| 650 |
_aBautistas _914480 |
||
| 942 | _cBK | ||
| 999 |
_c20333 _d20333 |
||